| 000 | 00000nam##2200000za#4500 |
| 001 | 9.644235 |
| 003 | CaOODSP |
| 005 | 20210624224541 |
| 007 | cr ||||||||||| |
| 008 | 150407|2008||||xxc|||||o f|0| 0 fre|d |
| 040 | |aCaOODSP|bfre |
| 043 | |an-cn--- |
| 086 | 1 |aR5-34/2008F-PDF |
| 110 | 1 |aCanada.|bAffaires indiennes et du Nord. |
| 245 | 10|aRapport de l'enquête de vérification judiciaire / |h[ressource électronique]|c[publié par la] Dirigeante principale de la vérification et de l'évaluation. |
| 260 | |aOttawa - Ontario : |bAffaires indiennes et du Nord |cDécembre 2008. |
| 300 | |a72p.|btableaux |
| 590 | |a15-02-Supp|b2015-02-16 |
| 691 | 07|aVérification|2gcpds |
| 775 | 08|tReport on forensic audit investigation / |w(CaOODSP)9.700339 |
| 856 | 40|ahttp://publications.gc.ca|qPDF|s626 Ko|uhttps://publications.gc.ca/collections/collection_2015/aadnc-aandc/R5-34-2008-fra.pdf |